MECHANICAL METALLURGY \ (Record no. 527546)
[ view plain ]
| 000 -LEADER | |
|---|---|
| fixed length control field | 00360nam a22001457a 4500 |
| 020 ## - INTERNATIONAL STANDARD BOOK NUMBER | |
| International Standard Book Number | 9781259064791 |
| Qualifying information | PB |
| 040 ## - CATALOGING SOURCE | |
| Transcribing agency | NUST |
| Modifying agency | NUST |
| 082 ## - DEWEY DECIMAL CLASSIFICATION NUMBER | |
| Classification number | 620.163 |
| Author Mark | DIE |
| 100 ## - MAIN ENTRY--PERSONAL NAME | |
| Personal name | Dieter , George E. |
| 9 (RLIN) | 18864 |
| 245 ## - TITLE STATEMENT | |
| Title | MECHANICAL METALLURGY \ |
| 250 ## - EDITION STATEMENT | |
| Edition statement | 3rd ed. |
| 260 ## - PUBLICATION, DISTRIBUTION, ETC. | |
| Place of publication, distribution, etc. | Chennai , ; |
| Name of publisher, distributor, etc. | McGraw Hill , |
| Date of publication, distribution, etc. | 2016. |
| 300 ## - PHYSICAL DESCRIPTION | |
| Extent | 751 p. ; |
| Other physical details | 22 cm. |
| 942 ## - ADDED ENTRY ELEMENTS (KOHA) | |
| Source of classification or shelving scheme | |
| Koha item type | Book |
| Withdrawn status | Lost status | Source of classification or shelving scheme | Damaged status | Not for loan | Permanent Location | Current Location | Shelving location | Date acquired | Full call number | Barcode | Date last seen | Price effective from | Koha item type | Public note |
|---|---|---|---|---|---|---|---|---|---|---|---|---|---|---|
| School of Mechanical & Manufacturing Engineering (SMME) | School of Mechanical & Manufacturing Engineering (SMME) | General Stacks | 07/30/2019 | 620.163 DIE | SMME-3437 | 07/30/2019 | 07/30/2019 | Book | Rack, 37-Shelf,1 |
